=LDR 00000nam 2200000 4500 =001 NUTBA000000000000681 =005 20140327171043.0 =006 =007 =008 =020 ##$$a 978-979-22-5469-3 =035 ##$$0010-031400000000680 =082 ##$$a 332.7-YUS-A =100 ##$$a JOPIE JUSUF =245 ##$$a ANALISIS KREDIT UNTUK ACCOUNT OFFICER =250 ##$$a CET.11 =260 ##$$a JAKARTA $b GRAMEDIA PUSTAKA UTAMA $c 2010 =300 ##$$a XIX,287 HLM $c 21 CM =990 ##$$a 91986/BPAP-NTB/2014 =990 ##$$a 0001/BPAP-NTB/2016